书目信息 |
| 题名: |
内科护理学笔记
|
|
| 作者: | 刘辉 主编 | |
| 分册: | ||
| 出版信息: | 北京 科学出版社 2023.05 |
|
| 页数: | 346页 | |
| 开本: | 28cm | |
| 丛书名: | 护士执业资格考试同步辅导丛书 | |
| 单 册: | ||
| 中图分类: | R473.5 | |
| 科图分类: | ||
| 主题词: | 内科学--nei ke xue--护理学--资格考试--自学参考资料 | |
| 电子资源: | ||
| ISBN: | 978-7-03-074903-1 | |
| 000 | 01186nam 2200289 450 | |
| 001 | 91655 | |
| 005 | 20250817103101.16 | |
| 010 | @a978-7-03-074903-1@dCNY69.80 | |
| 100 | @a20230613d2023 em y0chiy50 ea | |
| 101 | 0 | @achi |
| 102 | @aCN@b110000 | |
| 105 | @aa a 000yy | |
| 106 | @ar | |
| 200 | 1 | @a内科护理学笔记@Anei ke hu li xue bi ji@f主编刘辉 |
| 205 | @a第5版 | |
| 210 | @a北京@c科学出版社@d2023.05 | |
| 215 | @a346页@c图@d28cm | |
| 225 | 2 | @a护士执业资格考试同步辅导丛书@Ahu shi zhi ye zi ge kao shi tong bu fu dao cong shu |
| 320 | @a有书目 (第343页) | |
| 330 | @a本书内容包括: 健康评估、呼吸系统疾病病人的护理、循环系统疾病病人的护理、消化系统疾病病人的护理、泌尿系统疾病病人的护理、血液及造血系统疾病病人的护理、内分泌与代谢性疾病病人的护理、风湿性疾病病人的护理、神经系统疾病病人的护理、精神障碍病人的护理、损伤、中毒病人的护理、传染病病人的护理、老年保健、中医基础知识。 | |
| 333 | @a供护理、助产专业使用 | |
| 410 | 0 | @12001 @a护士执业资格考试同步辅导丛书 |
| 606 | 0 | @a内科学@Anei ke xue@x护理学@x资格考试@j自学参考资料 |
| 690 | @aR473.5@v5 | |
| 701 | 0 | @a刘辉@Aliu hui@4主编 |
| 801 | 0 | @aCN@c20250909 |
| 905 | @a河南城建学院图书馆@dR473.5@eL623=5@f1 | |
| 内科护理学笔记/主编刘辉.-第5版.-北京:科学出版社,2023.05 |
| 346页:图;28cm.-(护士执业资格考试同步辅导丛书) |
| 使用对象:供护理、助产专业使用 |
| ISBN 978-7-03-074903-1:CNY69.80 |
| 本书内容包括: 健康评估、呼吸系统疾病病人的护理、循环系统疾病病人的护理、消化系统疾病病人的护理、泌尿系统疾病病人的护理、血液及造血系统疾病病人的护理、内分泌与代谢性疾病病人的护理、风湿性疾病病人的护理、神经系统疾病病人的护理、精神障碍病人的护理、损伤、中毒病人的护理、传染病病人的护理、老年保健、中医基础知识。 |
| ● |
| 相关链接 |
|
|
|
正题名:内科护理学笔记
索取号:R473.5/L623=5
 
预约/预借
| 序号 | 登录号 | 条形码 | 馆藏地/架位号 | 状态 | 备注 |
| 1 | 1625619 | 216256192 | 自科库401/ [索取号:R473.5/L623=5] | 在馆 |